000 04681nam a22003497a 4500
003 DO-SdBNP
005 20250411120544.0
007 ta
008 210420e2020 dr ac||grb||| 001 0dspa d
020 _a9789945408393
040 _aDO-SdBNP
_bspa
_cBNPHU
041 _hspa
082 4 _a972.93053
_bS718T, 2020
_222
100 1 0 _aSoto Jiménez, José Miguel,
_d1956-
_911668
245 1 3 _aMalfiní :
_bradiografía de un magnicidio. estudio forence de la muerte de Trujillo /
_cJosé Miguel Soto Jiménez ; Victor Grimaldi , Luis Estrella , fotos ,
250 _a4a. ed.
260 _aSanto Domingo :
_bFundación V República ,
_c2020
300 _a757 p. :
_bil., fots. ;
_c25 cm.
500 _aIncluye datos biográficos del autor en las solapas
500 _aIncluye referencias bibliográficas y ntoas al pie de las páginas
500 _aIncluye anexos
504 _aBibliografía: p. 643-654
505 0 _aSobre el título.--
_tHistoria secreta de un libro.--
_tUn libro demasiado anunciado.--
_tIntroducción informe Trujillo.--
_gCapítulo 1 :
_tRumbo a donde "pica el peje".--
_gCapítulo 2 :
_tA la caza mortal del "guaraguao"
_gCapítulo 3 :
_tCon el hombre aquél en el baúl.-
_gCapítulo 4 :
_tRetazos de una madrugada inteminable.--
_gCapítulo 5 .
_tMientras una llovizna breve caía. De los recuerdos y testimonios de don Luis Ruiz Trujillo.-
_gCapítulo 6 :
_tEl día mas claro llueve.-
_gCapítulo 7 :
_tDe conjurado a deudo.-
_gCapítulo 8 :
_tTratando de colar claro el café turbio de esa madrugada tremebunda.
_gCapítulo 9 :
_tNo por mucho madrugar amanece mas temprano.
_gCapítulo 10 :
_tAmaneciendo sin el hombre aquél.
_gCapítulo 11 .
_tArreglando el cadáver del jefe.
_gBuscando un preludio para el 30 de mayo
_gCapitulo 12.
_tEstampa de Johnny el ¨Pegachucho¨ --
_gCapitulo 13
_tLas tres hermanas --
_gCapitulo 13.
_tLas tres hermanas --
_gCapitulo 14.
_tQuizás, quizás, quizás
_gCapitulo 15.
_tEl cumpleaños de negro --
_gCapítulo 16.
_tEl cumpleaños pensado --
_gCapitulo 17.
_tEl día de San Fernando --
_gCapitulo 18.
_tCogiendo fresco en el malecón --
_gCapítulo 19.
_tLa muerte del ¨Guaraguo¨--
_gLa gesta: héroes, hombre, hechos, causas, razones, circunstancias y azahares del 30 de mayo
_gCapitulo 20.
_tAntonio de La maza Vázquez . ¨Muerto el perro se acabó la rabia¨
_gCapitulo 21.
_tLa fuerza desesperada de la venganza --
_gCapitulo 22.
_tAntonio y la conspiracion abierta --
_gCapitulo 24.
_tGeneral Juan Tomáz Díaz --
_gCapítulo 25.
_tSi con hacerlo quedara hecho --
_gCapítulo 26.
_tA los heroes no se les cobra --
_gCapitulo 27.
_tEl teniente amado García Guerrero --
_gCapitulo 28.
_tEse orificio pequeño y redondo en la barbilla --
_gCapitulo 29.
_tHuáscar, los interrogatorios y el plan --
_gCapitulo 30.
_tHuáscar y las razones evidentes --
_gCapitulo 31.
_tHuáscar, el mar y los hechos consumados --
_gCapitulo 32.
_tLas cruciales declaraciones de Pedro Livio --
_gCapitulo 33.
_tLa zaga heroica de pastoriza --
_gCapitulo 34.
_tModesto Días Quezada --
_gCapitulo 35.
_tTunti Cáceres Michel o el elogio de la juventud --
_gCapitulo 36.
_tPracticando la caza y esperando la presa --
_gCapitulo 37.
_tEl revolver ése de nuestras culpas --
_gCapitulo 38.
_tEsas mismas heridas del recuerdo --
_gCapitulo 39.
_tMarcelino, pan y vino --
_gCapitulo 40.
_tLucas Castillo Herrera o las vainas del azar --
_gCapitulo 41.
_tZacarias de La Cruz y los temores --
_gCapitulo 42.
_tEl escopetazo --
_gCapitulo 43.
_tSobre el llamado asalto final --
_gCapitulo 44.
_tZacarías y ¨cachero¨ se dan la mano --
_gCapitulo 45.
_tConfesión del general José René Román Fernández --
_gCapitulo 46.
_tEl muerto trashumante --
_gCapitulo 47.
_tEl sitio memorable de junio de 1961 a junio del 1995 --
_gCapitulo 48.
_tLa conspiración de los pilotos 19 de noviembre de 1961 --
_gCapitulo 49.
_tLa gesta de los aviadores --
_gCapitulo 50.
_tA cohetazo limpio --
_gCapitulo 51
_tEntre dudas, correcciones y confusiones --
_gCapitulo 52.
_tNavidad con libertadad --
_gCapitulo 54
_tAl fin y al cabo --
_tAlgunos rasgos psicológicos , forenses de varios participantes del 30 de mayo --
_tInterrogatorios --
_tMapa conceptual investigación muerte de Trujillo. Instrumento de trabajo.
_tLos últimos interrogatorios
_tBibliografía
590 _aInventariado, 2020/MFF
600 1 0 _aTrujillo Molina, Rafael Leónidas,
_d 1891-1961
_976764
650 4 _aHomicidio político
_zRepública Dominicana
_911383
650 4 _aPresidentes
_xAsesinato
_zRepública Dominicana
_978483
650 4 _aAsesinato
_xInvestigación
_zRepública Dominicana
_978484
651 4 _aRepública Dominicana
_xPolítica y gobierno
_y1930-1961
_9479
910 _aMF/Validado. Control de calidad MFF
942 _2ddc
_cLBS1
999 _c49763
_d49763